De la participación a la protesta política /
El presente trabajo pretende acercarse al estudio de la protesta política a partir de los aparatos teóricos existentes, con el fin de explicar la participación política y los movimientos sociales. Se propone el concepto de protesta política para explicar las conductas colectivas que llevan a cabo lo...
Guardat en:
| Autor principal: | |
|---|---|
| Format: | Text |
| Matèries: | |
| Etiquetes: |
Afegir etiqueta
Sense etiquetes, Sigues el primer a etiquetar aquest registre!
|
MARC
| LEADER | 00000 a a2200000 04500 | ||
|---|---|---|---|
| 001 | 40889 | ||
| 003 | |||
| 040 | |||
| 100 | |a Rodríguez Hernández, Gabriela | ||
| 245 | |a De la participación a la protesta política / |c Gabriela Rodríguez Hernández | ||
| 500 | |a garh@uaemex.mx | ||
| 520 | |a El presente trabajo pretende acercarse al estudio de la protesta política a partir de los aparatos teóricos existentes, con el fin de explicar la participación política y los movimientos sociales. Se propone el concepto de protesta política para explicar las conductas colectivas que llevan a cabo los habitantes del Valle de México contra los diversos elementos de la esfera pública, al interpretar los resultados de un ejercicio en el que se aplicaron 380 redes semánticas y así conocer el significado de la protesta política. Encontrándose que efectivamente la protesta política se relaciona con las conductas que día a día llevan a cabo los habitantes del Valle de México en el espacio público. | ||
| 590 | |a RRA/ENERO2012 | ||
| 650 | |a 1.PARTICIPACION POLITICA | ||
| 650 | |a 2.MOVIMIENTOS SOCIALES | ||
| 650 | |a 3.ACCIONES COLECTIVAS | ||
| 650 | |a 4.ANALISIS DE CONTENIDO | ||
| 773 | |g volumen14, número 45 (2007), páginas 77-93 : tablas | ||
| 999 | |c 31475 |d 31475 | ||
